| 000 | 02316nam a22003737a 4500 | ||
|---|---|---|---|
| 005 | 20100805144947.0 | ||
| 010 | _aENG-98437 | ||
| 020 |
_c499.00 _a9380009313 |
||
| 020 |
_c499.00 _a9789380009315 |
||
| 035 | _aEN-81970 | ||
| 035 | _aB-430137-147 | ||
| 037 | _bDBAD/PUB | ||
| 037 | _bRBC-22541/2010-11/25.3.11/76/4.3.11/30.3.11 | ||
| 082 | _a894.81412 | ||
| 100 |
_aNarayan, M.K.V. _933078 |
||
| 245 |
_aLyrical musings on indic culture : _cby M.K.V.Narayan _ba sociological study of songs of Sant Purandara Dasa / |
||
| 260 |
_aNew Delhi _bVikas Publishing House _c2010 |
||
| 270 |
_a576,Masjid Road,Jangpura _bNew Delhi _e110014 |
||
| 300 |
_axii,156p. _c23cm (Hb) |
||
| 500 | _aIncludes bibliographical references and index | ||
| 650 |
_aPurandaradasa,1484-1564 _xCriticism textual _933079 |
||
| 650 |
_aCArnatic music _xHistory and criticism _933080 |
||
| 650 |
_aIndia _xin literature _933081 |
||
| 650 |
_aCulture in literature _933082 |
||
| 942 |
_2ddc _cEN _h894.81412 _mNAR |
||
| 999 |
_c39496 _d39496 |
||